[Event "Balkan-ch U18 Girls"]
[Site "Tornelo INT"]
[Date "2020.10.31"]
[Round "4"]
[White "Mihailidou, Magdalini"]
[Black "Lupascu, Diana Elena"]
[Result "1-0"]
[WhiteElo "1521"]
[BlackElo "1491"]
[PlyCount "93"]
[EventDate "2020.10.31"]
[EventType "swiss"]
[EventRounds "7"]
[EventCountry "NET"]
[SourceTitle "EXT 2023"]
[Source "ChessBase"]
[SourceDate "2022.10.05"]
[SourceVersion "1"]
[SourceVersionDate "2022.10.05"]
[SourceQuality "1"]

1. e4 c5 2. Nf3 d6 3. d4 cxd4 4. Nxd4 Nf6 5. Nc3 g6 6. Be3 Bg7 7. f3 Nc6 8. Qd2 0-0 9. 0-0-0 d5 10. Qe1 e5 11. Nxc6 bxc6 12. exd5 cxd5 13. Bg5 d4 14. Qxe5 Ng4 15. Qf4 Qa5 16. Ne4 Be5 17. Qd2 Qxa2 18. Qd3 Ne3 19. Bxe3 dxe3 20. c3 Rb8 21. Qb1 Qb3 22. Bd3 e2 23. Bxe2 Bf5 24. Qc2 Qa2 25. g3 Rfc8 26. Bd3 Qa1+ 27. Qb1 Qxb1+ 28. Bxb1 Rb7 29. Nd6 Bxb1 30. Nxc8 Bf5 31. Nd6 Rb6 32. Nxf5 gxf5 33. Rd5 Bg7 34. Rxf5 Ra6 35. Kc2 Re6 36. Rd1 h6 37. Rd8+ Kh7 38. Rxf7 Kg6 39. Rfd7 Re2+ 40. Rd2 Re3 41. R2d6+ Kh7 42. f4 Re2+ 43. Rd2 Re1 44. R8d7 a5 45. Ra7 Kg6 46. Rd6+ Kh5 47. Rxg7 1-0

[Event "Balkan-ch U18 Girls"]
[Site "Tornelo INT"]
[Date "2020.10.31"]
[Round "2"]
[White "Srdanovic, Jovana"]
[Black "Lupascu, Diana Elena"]
[Result "1-0"]
[WhiteElo "1978"]
[BlackElo "1491"]
[PlyCount "71"]
[EventDate "2020.10.31"]
[EventType "swiss"]
[EventRounds "7"]
[EventCountry "NET"]
[SourceTitle "EXT 2023"]
[Source "ChessBase"]
[SourceDate "2022.10.05"]
[SourceVersion "1"]
[SourceVersionDate "2022.10.05"]
[SourceQuality "1"]

1. d4 Nf6 2. c4 e6 3. Nc3 c5 4. d5 exd5 5. cxd5 d6 6. e4 g6 7. f4 Bg7 8. Nf3 Bg4 9. Bb5+ Nfd7 10. 0-0 0-0 11. a4 a6 12. Bd3 Qc7 13. Qe2 Re8 14. h3 Bxf3 15. Rxf3 Nf6 16. Bd2 Nbd7 17. Re1 Rac8 18. b3 Nb6 19. Bc4 Nxe4 20. Nxe4 f5 21. Qd3 fxe4 22. Rxe4 Nd7 23. Kh1 Nf6 24. Re6 Rcd8 25. Rfe3 Rxe6 26. Rxe6 Re8 27. Qe3 Qd7 28. Bc3 Rf8 29. Re7 Qf5 30. Rxb7 Re8 31. Rxg7+ Kxg7 32. Qxe8 Qxf4 33. Qe7+ Kh6 34. Qxf6 Qc1+ 35. Kh2 a5 36. Qh4# 1-0

[Event "EU-ch Online U18 Girls"]
[Site "Tornelo INT"]
[Date "2020.09.20"]
[Round "7"]
[White "Mkrtchyan, Anahit D"]
[Black "Lupascu, Diana Elena"]
[Result "1-0"]
[WhiteElo "1801"]
[BlackElo "1668"]
[PlyCount "181"]
[EventDate "2020.09.18"]
[EventType "swiss (rapid)"]
[EventRounds "9"]
[EventCountry "ENG"]
[SourceTitle "CBM 198 Extra"]
[Source "ChessBase"]
[SourceDate "2020.11.30"]
[SourceVersion "1"]
[SourceVersionDate "2020.11.30"]
[SourceQuality "1"]

1. Nf3 Nf6 2. d4 e6 3. c4 b6 4. e3 Bb7 5. Bd3 d5 6. b3 Bd6 7. 0-0 0-0 8. Nbd2 Nbd7 9. Bb2 Ne4 10. Qe2 Qe8 11. Rac1 f6 12. Rfd1 Qh5 13. Nf1 Ng5 14. Nxg5 Qxg5 15. cxd5 exd5 16. Ng3 Qh4 17. Bf5 Rfd8 18. Be6+ Kh8 19. Qf3 Nf8 20. Bf5 Re8 21. Bd3 Ne6 22. Bb5 Ng5 23. Qf5 Rf8 24. Bc6 Bxc6 25. Rxc6 Rad8 26. Ba1 Ne4 27. Qxd5 Nxg3 28. hxg3 Qg4 29. Qf3 Qg6 30. Rcc1 a5 31. Qe2 Ra8 32. a4 Qf7 33. Qc4 Qg6 34. Bc3 Rfe8 35. Qd3 Qg5 36. d5 Rad8 37. e4 Ba3 38. Ra1 Bc5 39. Bd4 Bd6 40. Re1 Qh6 41. Qe3 Qg6 42. Qf3 Qg5 43. Be3 Qg6 44. Bf4 Bb4 45. Re2 Rd7 46. Rc1 Bc5 47. Rc4 Rde7 48. g4 Qf7 49. Rc1 Ba3 50. Rc4 Bc5 51. g3 Rb8 52. Kg2 b5 53. axb5 Rxb5 54. Qc3 Bd6 55. Bxd6 cxd6 56. Rc8+ Re8 57. Qc6 Rb8 58. Rxe8+ Qxe8 59. Qxe8+ Rxe8 60. Rc2 Kg8 61. Kf3 Rb8 62. Rc3 Kf7 63. Ke3 Ke7 64. f4 h6 65. Kd3 Rb7 66. Kc2 g5 67. Rc4 Kf7 68. Kb2 Ke7 69. Ka3 Ra7 70. Ka4 Kf7 71. Rc6 Ke7 72. Rb6 Kd8 73. Rxd6+ Ke7 74. Re6+ Kf7 75. Rb6 Re7 76. d6 Rxe4+ 77. Kxa5 Ke6 78. f5+ Kd7 79. Rb4 Re5+ 80. Ka6 Kxd6 81. Rb6+ Ke7 82. b4 Re3 83. Rb7+ Kd6 84. Rb6+ Ke7 85. Re6+ Rxe6+ 86. fxe6 Kxe6 87. b5 Kd7 88. Ka7 Kc7 89. b6+ Kc8 90. b7+ Kc7 91. b8Q+ 1-0

[Event "Bicaz City Cup"]
[Site "Bicaz"]
[Date "2020.03.07"]
[Round "5"]
[White "Lupascu, Diana Elena"]
[Black "Panc, Samuel"]
[Result "0-1"]
[WhiteElo "1689"]
[BlackElo "1910"]
[PlyCount "106"]
[EventDate "2020.03.05"]
[EventType "swiss"]
[EventRounds "7"]
[EventCountry "ROU"]
[SourceTitle "CBM 195 Extra"]
[Source "ChessBase"]
[SourceDate "2020.05.31"]
[SourceVersion "1"]
[SourceVersionDate "2020.05.31"]
[SourceQuality "1"]

1. d4 f5 2. c4 Nf6 3. g3 e6 4. Bg2 d5 5. Qc2 c6 6. Nh3 Bd6 7. 0-0 0-0 8. Bf4 Be7 9. Bxb8 Rxb8 10. Nf4 Bd6 11. Nd3 Bd7 12. Nd2 Be8 13. Nf3 Rc8 14. Rac1 Bh5 15. Nfe5 Bf7 16. Qb3 Qe7 17. Rc2 Kh8 18. cxd5 exd5 19. Nc5 Rc7 20. Qe3 Re8 21. Ncd3 c5 22. Qf4 Kg8 23. Qxf5 c4 24. Nf4 Bxe5 25. dxe5 Qxe5 26. Qxe5 Rxe5 27. e3 b5 28. a3 Rd7 29. Ne2 Bg6 30. Rd2 Bd3 31. Re1 Ne4 32. Rdd1 Nc5 33. Nf4 g5 34. Nxd3 Nxd3 35. Re2 d4 36. Bf1 dxe3 37. Rxe3 Rxe3 38. fxe3 Ne5 39. Rxd7 Nxd7 40. Bg2 Ne5 41. Be4 h6 42. h3 Kf7 43. Kf2 Ke6 44. Ke2 a5 45. Kd1 Kd6 46. Kc2 b4 47. Kd2 Kc5 48. Kc2 Kd6 49. Kd2 Nd7 50. Bh7 Nc5 51. Bg8 Ne4+ 52. Ke2 Kc5 53. Kf3 c3 0-1

[Event "ROM-ch U16 Girls"]
[Site "Calimanesti Caciulata"]
[Date "2019.04.22"]
[Round "9"]
[White "Dumitru, Silvia Alexandra"]
[Black "Lupascu, Diana Elena"]
[Result "0-1"]
[WhiteElo "1268"]
[BlackElo "1680"]
[PlyCount "112"]
[EventDate "2019.04.15"]
[EventType "swiss"]
[EventRounds "9"]
[EventCountry "ROU"]
[SourceTitle "CBM 190 Extra"]
[Source "ChessBase"]
[SourceDate "2019.07.15"]
[SourceVersion "1"]
[SourceVersionDate "2019.07.15"]
[SourceQuality "1"]

1. e4 c5 2. Nc3 a6 3. g3 b5 4. Bg2 Bb7 5. d3 e6 6. Be3 Nf6 7. f3 Be7 8. Qd2 d5 9. Bf4 Nc6 10. e5 Nh5 11. Nh3 Qc7 12. Ne2 Nxf4 13. gxf4 Bh4+ 14. Ng3 d4 15. 0-0 0-0 16. Ne4 Nb4 17. Nd6 Bc6 18. Ng5 h6 19. Ngxf7 Rxf7 20. Bh3 Qd7 21. Qg2 Rxf4 22. Qg6 Bd5 23. Ne4 Qe7 24. Rad1 Nxc2 25. Rc1 Ne3 26. Nxc5 Nxf1 27. Bxe6+ Bxe6 28. Nxe6 Qf7 29. Qxf7+ Rxf7 30. Rxf1 Re8 31. Nxd4 Rxe5 32. Kg2 Rd5 33. Nc6 Rc7 34. Nb4 Rd6 35. a3 a5 36. Na2 Rxd3 37. Kh3 Bf6 38. Rf2 Bd4 39. Re2 Rxf3+ 40. Kg4 Rf2 41. Re8+ Kh7 42. Ra8 Rxb2 43. Rxa5 Rxa2 44. Rxb5 Rxa3 45. Rb4 Bf6 46. h4 Rac3 47. Rb6 R7c5 48. h5 R3c4+ 49. Kf3 Rxh5 50. Kg3 Be5+ 51. Kf3 Rh3+ 52. Kg2 Rd3 53. Rb1 Rc2+ 54. Kf1 Rh3 55. Kg1 Bd4+ 56. Kf1 Rh1# 0-1

[Event "EU-ch U14 Girls 27th"]
[Site "Mamaia"]
[Date "2017.09.07"]
[Round "3"]
[White "Lupascu, Diana Elena"]
[Black "Kuzich, Aryna"]
[Result "0-1"]
[WhiteElo "1674"]
[BlackElo "1828"]
[PlyCount "44"]
[EventDate "2017.09.05"]
[EventType "swiss"]
[EventRounds "9"]
[EventCountry "ROU"]
[SourceTitle "CBM 180 Extra"]
[Source "ChessBase"]
[SourceDate "2017.10.06"]
[SourceVersion "1"]
[SourceVersionDate "2017.10.06"]
[SourceQuality "1"]

1. d4 d5 2. Nf3 c5 3. c4 e6 4. Qc2 cxd4 5. Nxd4 e5 6. Nf3 d4 7. Nbd2 Nc6 8. a3 f5 9. e4 dxe3 10. fxe3 e4 11. Ng1 Bd6 12. Ne2 Nf6 13. b4 Ng4 14. Nb3 Bxb4+ 15. Nc3 Bd6 16. g3 Nce5 17. Nd4 Bc5 18. Nce2 Nd3+ 19. Kd2 0-0 20. Bb2 Nge5 21. Bg2 Nxb2 22. Qxb2 Nxc4+ 0-1

[Event "ROM-ch U14 Girls"]
[Site "Baile Felix"]
[Date "2017.02.07"]
[Round "7"]
[White "Lupascu, Diana Elena"]
[Black "Lehaci, Miruna Daria"]
[Result "0-1"]
[WhiteElo "1604"]
[BlackElo "1840"]
[PlyCount "70"]
[EventDate "2017.02.02"]
[EventType "swiss"]
[EventRounds "9"]
[EventCountry "ROU"]
[SourceTitle "CBM 176 Extra"]
[Source "ChessBase"]
[SourceDate "2017.03.02"]
[SourceVersion "1"]
[SourceVersionDate "2017.03.02"]
[SourceQuality "1"]

1. d4 e6 2. Nf3 Nf6 3. g3 c5 4. c4 cxd4 5. Nxd4 Bc5 6. e3 Nc6 7. Bg2 d5 8. Nxc6 bxc6 9. Qc2 0-0 10. 0-0 Ba6 11. Rd1 Qb6 12. cxd5 cxd5 13. Nc3 Bb4 14. a3 Bxc3 15. Qxc3 Rab8 16. b4 Rfc8 17. Qb3 Be2 18. Re1 Bc4 19. Qa4 Bd3 20. Qd1 Bg6 21. Bb2 Rc2 22. Bd4 Qc7 23. Re2 Rc4 24. Re1 Rc8 25. Qa4 e5 26. Bc5 Qxc5 27. Bf1 Qc6 28. b5 Rxa4 29. bxc6 Ra5 30. Rec1 Ne4 31. c7 Rc5 32. Rab1 Nc3 33. Ba6 Bxb1 34. Rxb1 Nxb1 35. Bxc8 Rxc7 0-1

[Event "EU Union-ch U12"]
[Site "Kouty nad Desnou"]
[Date "2015.08.25"]
[Round "7"]
[White "Maciulaityte, Barbora"]
[Black "Lupascu, Diana Elena"]
[Result "1/2-1/2"]
[WhiteElo "1314"]
[BlackElo "1511"]
[PlyCount "53"]
[EventDate "2015.08.19"]
[EventType "swiss"]
[EventRounds "9"]
[EventCountry "CZE"]
[SourceTitle "EXT 2016"]
[Source "ChessBase"]
[SourceDate "2015.10.08"]
[SourceVersion "1"]
[SourceVersionDate "2015.10.08"]
[SourceQuality "1"]

1. e4 c5 2. c3 e6 3. d4 d5 4. exd5 exd5 5. Nf3 Bd6 6. Be3 c4 7. b3 cxb3 8. axb3 Nf6 9. Nbd2 Qc7 10. h3 0-0 11. Qc2 Nc6 12. Bd3 h6 13. 0-0 Be6 14. Rfe1 Rac8 15. Rac1 Qd7 16. Qd1 Ne7 17. Nf1 Nf5 18. Bd2 Qc7 19. Ne3 Nxe3 20. Bxe3 Qb6 21. Bd2 Bc7 22. Qc2 Qd6 23. Be3 Nh5 24. Qd2 Nf6 25. Bxh6 Ne8 26. Be3 Nf6 27. Bg5 1/2-1/2

[Event "EU Union-ch U12"]
[Site "Kouty nad Desnou"]
[Date "2015.08.24"]
[Round "6"]
[White "Lupascu, Diana Elena"]
[Black "Jirousek, Jan"]
[Result "0-1"]
[WhiteElo "1511"]
[BlackElo "1398"]
[PlyCount "68"]
[EventDate "2015.08.19"]
[EventType "swiss"]
[EventRounds "9"]
[EventCountry "CZE"]
[SourceTitle "EXT 2016"]
[Source "ChessBase"]
[SourceDate "2015.10.08"]
[SourceVersion "1"]
[SourceVersionDate "2015.10.08"]
[SourceQuality "1"]

1. d4 d5 2. Nf3 Nf6 3. c4 e6 4. g3 Be7 5. Bg2 0-0 6. 0-0 c5 7. cxd5 exd5 8. dxc5 Bxc5 9. Nc3 Be6 10. Bg5 Be7 11. Rc1 Nc6 12. a3 Qd7 13. e3 Rfd8 14. Qe2 Bh3 15. Rfd1 Bxg2 16. Kxg2 Qe6 17. Qb5 Rd7 18. Bxf6 Bxf6 19. Nxd5 a6 20. Qb3 Kh8 21. e4 Rad8 22. Qe3 Bxb2 23. Rb1 Bf6 24. Re1 Ne7 25. Nxf6 Qxf6 26. Qa7 b5 27. Qc5 Qc6 28. Qh5 Ng6 29. Rbc1 Qd6 30. Rc3 Kg8 31. Rec1 Qe7 32. Ra1 Qxe4 33. Re3 Qd5 34. Rae1 Qxh5 0-1

[Event "EU Union-ch U12"]
[Site "Kouty nad Desnou"]
[Date "2015.08.19"]
[Round "1"]
[White "Mica, Marek"]
[Black "Lupascu, Diana Elena"]
[Result "0-1"]
[WhiteElo "1795"]
[BlackElo "1511"]
[PlyCount "110"]
[EventDate "2015.08.19"]
[EventType "swiss"]
[EventRounds "9"]
[EventCountry "CZE"]
[SourceTitle "EXT 2016"]
[Source "ChessBase"]
[SourceDate "2015.10.08"]
[SourceVersion "1"]
[SourceVersionDate "2015.10.08"]
[SourceQuality "1"]

1. d4 Nf6 2. c4 g6 3. Nc3 Bg7 4. e4 d6 5. Nf3 0-0 6. Be2 Nbd7 7. 0-0 b6 8. Qc2 Bb7 9. d5 Nc5 10. Rb1 a5 11. Rd1 Nfd7 12. Nd4 e6 13. b3 Re8 14. Bb2 exd5 15. exd5 Qh4 16. Nf3 Qe7 17. Re1 Ne5 18. Nxe5 Bxe5 19. Bf3 Qg5 20. g3 Bc8 21. Rbd1 Bf5 22. Qd2 Qxd2 23. Rxd2 Nd3 24. Re3 Nxb2 25. Rxb2 Bd4 26. Nd1 Bxb2 27. Nxb2 Rxe3 28. fxe3 Bb1 29. Bd1 Re8 30. Kf2 Rb8 31. a3 b5 32. Kf3 Ba2 33. e4 bxc4 34. Nxc4 Bxb3 35. Be2 Bxc4 36. Bxc4 Rb2 37. h4 Rc2 38. Bb5 Rc3+ 39. Kf4 Rxa3 40. g4 Ra1 41. e5 dxe5+ 42. Kxe5 a4 43. Kd4 a3 44. Bc4 a2 45. Bxa2 Rxa2 46. Kc5 Ra4 47. Kc6 Rxg4 48. Kxc7 Rxh4 49. d6 Rd4 50. d7 Rxd7+ 51. Kxd7 h5 52. Kd6 h4 53. Ke5 h3 54. Kf4 h2 55. Kg3 h1Q 0-1

[Event "ROM-ch U12 Girls"]
[Site "Calimanesti"]
[Date "2015.03.31"]
[Round "2"]
[White "Stan, Andreea Loredana"]
[Black "Lupascu, Diana Elena"]
[Result "0-1"]
[WhiteElo "1398"]
[BlackElo "1504"]
[PlyCount "52"]
[EventDate "2015.03.30"]
[EventType "swiss"]
[EventRounds "9"]
[EventCountry "ROU"]
[SourceTitle "CBM 165 Extra"]
[Source "ChessBase"]
[SourceDate "2015.04.21"]
[SourceVersion "1"]
[SourceVersionDate "2015.04.21"]
[SourceQuality "1"]

1. e4 c5 2. b3 e6 3. Nf3 d6 4. Bb2 Nf6 5. e5 dxe5 6. Nxe5 Nbd7 7. f4 Nxe5 8. Bxe5 Nd5 9. c4 Qh4+ 10. Ke2 Nxf4+ 11. Ke3 Qg5 12. Kf2 Ng6 13. Qe2 Bd7 14. g3 Qf5+ 15. Ke1 Bc6 16. Rg1 Be7 17. Bg2 Bxg2 18. Rxg2 Rd8 19. Rf2 Qg5 20. Na3 h5 21. Qf3 Nxe5 22. Qe2 Nd3+ 23. Kf1 Nxf2 24. Qxf2 Rxd2 25. Qf3 Rxh2 26. Re1 Rh3 0-1

[Event "ROM-ch U12 Girls"]
[Site "Calimanesti"]
[Date "2014.04.09"]
[Round "4"]
[White "Lupascu, Diana Elena"]
[Black "Azamfirei, Smaranda Georgiana"]
[Result "1/2-1/2"]
[WhiteElo "1369"]
[BlackElo "1438"]
[PlyCount "74"]
[EventDate "2014.04.06"]
[EventType "swiss"]
[EventRounds "9"]
[EventCountry "ROU"]
[SourceTitle "CBM 160 Extra"]
[Source "ChessBase"]
[SourceDate "2014.07.01"]
[SourceVersion "1"]
[SourceVersionDate "2014.07.01"]
[SourceQuality "1"]

1. d4 g6 2. c4 Bg7 3. Nf3 d6 4. g3 Nd7 5. Bg2 e5 6. 0-0 Ne7 7. e4 0-0 8. Nc3 exd4 9. Nxd4 Nc6 10. Be3 Nde5 11. Nxc6 bxc6 12. c5 Bg4 13. f3 Be6 14. cxd6 cxd6 15. Rb1 Nc4 16. Bd4 Bxd4+ 17. Qxd4 Qb6 18. Qxb6 axb6 19. Rfd1 Rfd8 20. Re1 Re8 21. b3 Na5 22. Rbd1 Nb7 23. f4 h5 24. Ne2 Bg4 25. h3 Bxe2 26. Rxe2 Rec8 27. Rc2 Kf8 28. Rdc1 c5 29. Rd1 Rd8 30. e5 dxe5 31. Rxd8+ Nxd8 32. fxe5 Ne6 33. Bd5 Re8 34. Kf2 Ke7 35. Ke3 Nd4 36. Rf2 Nb5 37. Kf4 Rd8 1/2-1/2

[Event "ROM-ch U12 Girls"]
[Site "Calimanesti"]
[Date "2014.04.06"]
[Round "1"]
[White "Lupascu, Diana Elena"]
[Black "Dumitru, Silvia Alexandra"]
[Result "1-0"]
[WhiteElo "1369"]
[BlackElo "1033"]
[PlyCount "59"]
[EventDate "2014.04.06"]
[EventType "swiss"]
[EventRounds "9"]
[EventCountry "ROU"]
[SourceTitle "CBM 160 Extra"]
[Source "ChessBase"]
[SourceDate "2014.07.01"]
[SourceVersion "1"]
[SourceVersionDate "2014.07.01"]
[SourceQuality "1"]

1. d4 d5 2. Nf3 Nc6 3. c4 Nf6 4. Nc3 dxc4 5. Qa4 e6 6. Ne5 Bd7 7. Qxc4 Bb4 8. Bd2 Qe7 9. g3 0-0 10. Bg2 Qd6 11. Nxd7 Qxd7 12. e3 Qd6 13. 0-0 Rfe8 14. Bxc6 bxc6 15. Rfd1 c5 16. Nb5 Qb6 17. dxc5 Bxc5 18. Rac1 Nd7 19. Bb4 Bxb4 20. Rxd7 Rab8 21. Qxb4 Qxb5 22. Qxb5 Rxb5 23. Rcxc7 g6 24. Rxf7 Rxb2 25. Rxh7 Rb1+ 26. Kg2 Reb8 27. Rxa7 R1b2 28. Rhg7+ Kh8 29. Rxg6 Rg8 30. Rh6# 1-0